Critical Care Radiology (رقم التسجيلة. 23697)

تفاصيل مارك
000 -الفاتح
حقل البيانات ثابتة الطول 00922cam a2200301 a 4500
001 - رقم الضبط
رقم الضبط 690087949
003 - محدد رقم الضبط
رقم الضبط OSt
005 - وقت وتاريخ اخر تعامل مع التسجيلة
رقم الضبط 20150408114039.0
008 - عناصر البيانات ثابتة الطول - معلومات عامة
حقل البيانات ثابتة الطول 101201s2011 gw a 001 0 eng
020 ## - الرقم الدولى المعيارى للكتب
الرقم الدولى المعيارى للكتاب 9783131500519
020 ## - الرقم الدولى المعيارى للكتب
الرقم الدولى المعيارى للكتاب 3131538716
035 ## - رقم ضبط النظام
رقم ضبط النظام (OCoLC)690087949
040 ## - مصدر الفهرسة
وكالة الفهرسة الأصلية NLM
وكالة النسخ NLM
وكالة التعديل BTCTA
-- YDXCP
-- TEF
-- UAB
-- OHX
041 1# - رمز اللغة
رمز لغة النص/ المسارات الصوتية أو العنوان الانفرادي eng
رمز لغة الترجمات و/او الاصلية المتوسطة للنص ger
042 ## - رمز التحقق
رمز التحقق pcc
082 ## - رقم تصنيف ديوى العشرى
رقم الطبعة 21
رقم التصنيف 616.107
100 1# - المدخل الرئيسى - إسم شخصى
الإسم الشخصى Schaefer-Prokop, Cornelia
9 (RLIN) 11128
245 10 - بيان العنوان
العنوان Critical Care Radiology
بيان المسئوليه,etc Johannes Kirchner.
260 ## - PUBLICATION, DISTRIBUTION, ETC. (IMPRINT)
مكان الناشر او الموزع Stuttgart :
اسم الناشر او الموزع Thieme,
تاريخ النشر أو التوزيع c2011.
300 ## - الوصف المادى
التعداد ix, 236 p. :
تفاصيل ماديه اخرى للوعاء ill. ;
أبعاد الوعاء 28 cm.
650 #2 - المدخل الاضافى بالموضوع-مصطلح موضوعى
مصطلح موضوعي أو اسم جغرافي كعنصر مدخل Radiography, Thoracic
التقسيم الفرعي العام methods
9 (RLIN) 11129
650 #2 - المدخل الاضافى بالموضوع-مصطلح موضوعى
مصطلح موضوعي أو اسم جغرافي كعنصر مدخل Heart Failure
التقسيم الفرعي العام radiography
التقسيم الفرعي الشكلي atlases.
9 (RLIN) 11130
650 #2 - المدخل الاضافى بالموضوع-مصطلح موضوعى
مصطلح موضوعي أو اسم جغرافي كعنصر مدخل Respiratory Tract Diseases
التقسيم الفرعي العام radiography
9 (RLIN) 11131
650 #0 - المدخل الاضافى بالموضوع-مصطلح موضوعى
مصطلح موضوعي أو اسم جغرافي كعنصر مدخل Chest
التقسيم الفرعي العام Radiography
التقسيم الفرعي الشكلي Case studies.
9 (RLIN) 11132
740 0# - المدخل الاضافى - عنوان مرتبط/تحليلى غير مقيد
العنوان التحليلي/ الرابط غير مقيد Trainer Thoraxdiagnostik.
942 ## - عناصر المدخل الإضافي( كوها)
مصدر التصنيف او مخطط الترفيف Dewey Decimal Classification
Koha [default] item type كتاب
المقتنيات
حالة الفقد نموذج السعر الفعال حالة تلف ليس للاعارة رقم الطلب تاريخ الاكتساب الموقع الحالي الباركود الفرع الرئيسي Date last seen نوع المادة فى نظام كوها مصدر التصنيف او خطة الترفيف Total Checkouts
  2013-03-10     616.107 S C C 2012-05-26 مكتبة كلية العلوم الطبية التطبيقية بالمجمعة - طالبات (AMF) 00076588 مكتبة كلية العلوم الطبية التطبيقية بالمجمعة - طالبات (AMF) 2013-03-10 كتاب Dewey Decimal Classification  
  2013-03-10     616.107 S C C 2012-05-26 مكتبة كلية العلوم الطبية التطبيقية بالمجمعة - طالبات (AMF) 00076591 مكتبة كلية العلوم الطبية التطبيقية بالمجمعة - طالبات (AMF) 2013-03-10 كتاب Dewey Decimal Classification  
  2013-03-10     616.107 S C C 2012-05-26 مكتبة كلية العلوم الطبية التطبيقية بالمجمعة - طالبات (AMF) 00076589 مكتبة كلية العلوم الطبية التطبيقية بالمجمعة - طالبات (AMF) 2013-03-10 كتاب Dewey Decimal Classification  
  2013-03-10     616.107 S C C 2012-05-26 مكتبة كلية العلوم الطبية التطبيقية بالمجمعة - طالبات (AMF) 00076590 مكتبة كلية العلوم الطبية التطبيقية بالمجمعة - طالبات (AMF) 2013-03-10 كتاب Dewey Decimal Classification